| 000 | 01657nam0a2200337 4500 | ||
|---|---|---|---|
| 001 | RU\NLR\BIBL_A\022339404 | ||
| 005 | 20241022104646.0 | ||
| 010 |
_a978-5-89571-285-6 _920 |
||
| 021 |
_aRU _bКН-П-24-048081 _9КН-П-24-4782 |
||
| 035 | _a(NLR Aleph) 022339404 | ||
| 090 |
_a13258710 _c13258710 |
||
| 100 | _a20241002d2024 u y0rusy50 ca | ||
| 101 | 0 | _arus | |
| 102 | _aRU | ||
| 105 | _aac z 000yy | ||
| 181 | 0 |
_ai3 _baxxe |
|
| 182 | 0 | _an | |
| 200 | 1 |
_aМетоды современного естествознания в гидрологии Юга России _eучебное пособие для образовательных учреждений ЮФО _fМ. В. Янова, А. Б. Джальвиков |
|
| 203 |
_aТекст _bвизуальный _cнепосредственный |
||
| 210 |
_aМосква _aЭлиста _c[б. и.] _d2024 |
||
| 215 |
_a256 с. _cцв. ил., портр. _d30 |
||
| 300 | _aНа 4-й с. обл. авт.: М. В. Янова - д-р ист. наук, А. Б. Джальвиков | ||
| 320 | _aБиблиогр.: с. 231-240 и в подстроч. примеч. | ||
| 606 | 1 |
_aГидрологические исследования _yКалмыкия, Республика _jУчебные издания для высших учебных заведений _2nlr_sh2 _3RU\NLR\AUTH\6601746100 |
|
| 686 | 1 | _aД229(2Р37-6Ка)я73 | |
| 700 | 1 |
_aЯнова _bМ. В. _cд-р ист. наук _gМарина Владимировна _3RU\NLR\AUTH\7780506 |
|
| 701 | 1 |
_aДжальвиков _bА. Б. |
|
| 942 | _cBOOK | ||
| 980 | _aNB | ||